000 01404nab a22002417a 4500
999 _c5434
_d5434
003 OSt
005 20250909100433.0
008 190604e xxu||||| |||| 00| 0 spa d
040 _cPJ
100 _96446
_aLerussi, Gustavo D.
245 1 3 _aImpacto de la Ley de Riesgos próxima a su trigésimo aniversario. Aspectos positivos /
_cGustavo D. Lerussi.
260 _aCiudad Autónoma de Buenos Aires :
_bThomson Reuters La Ley,
_c2025.
300 _ap. 5-8
500 _aCita Online: TR LALEY AR/DOC/134/2025.
505 _aSumario: I. Introducción.— II. Antecedentes históricos y contexto legislativo.— III. Modificaciones legislativas y su impacto.— IV. Contingencias no previstas: COVID-19 y otros desafíos.— V. Jurisprudencia actual relevante en materia de intereses.— VI. Balance del sistema: datos actuales y viabilidad.— VII. Conclusión: hacia un equilibrio entre justicia y viabilidad.— VIII. Referencias bibliográficas.
505 _t¿Te interesa el texto completo? Solicitalo al correo: koha@justierradelfuego.gov.ar
650 0 _91316
_aDERECHO LABORAL
650 0 _91482
_aLEY SOBRE RIESGOS DEL TRABAJO
650 0 _91417
_aACCIDENTES DE TRABAJO
650 0 _91405
_aENFERMEDAD PROFESIONAL
773 0 _02714
_93171
_dCiudad Autónoma de Buenos Aires : Thomson Reuters La Ley, 2014-
_tRevista anales de legislación argentina. Nº 4 - Abril 2025.
942 _2udc
_cANA